Hauptstädte Afrikas - Statistiken

Allgemein
  • Dieses Quiz wurde 201 mal gespielt
  • Das Durchschnittsergebnis liegt bei 36 aus 54
Antwortstatistiken
Land Hauptstadt % Korrekt
Ägypten Kairo
100%
Algerien Algier
92%
Südafrika Pretoria,
Kapstadt oder
Bloemfontein
90%
Tunesien Tunis
86%
Äthiopien Addis Abeba
84%
Marokko Rabat
83%
Angola Luanda
82%
Dschibuti Dschibuti
81%
Ghana Accra
80%
Guinea-Bissau Bissau
79%
Kenia Nairobi
79%
Sierra Leone Freetown
76%
Namibia Windhoek
76%
Senegal Dakar
75%
Kongo (Dem. Rep.) Kinshasa
75%
Libyen Tripolis
75%
São Tomé und Príncipe São Tomé
73%
Kongo (Rep.) Brazzaville
71%
Somalia Mogadischu
69%
Nigeria Abuja
68%
Madagaskar Antananarivo
66%
Eritrea Asmara
66%
Benin Porto-Novo oder Cotonou
66%
Seychellen Victoria
65%
Gabun Libreville
64%
Burkina Faso Ouagadougou
64%
Gambia Banjul
63%
Botswana Gaborone
63%
Eswatini Mbabane
63%
Mali Bamako
60%
Südsudan Juba
60%
Togo Lomé
60%
Kap Verde Praia
60%
Sudan Khartum
59%
Sambia Lusaka
59%
Liberia Monrovia
59%
Elfenbeinküste Yamoussoukro
59%
Burundi Gitega
58%
Komoren Moroni
58%
Tansania Dodoma
57%
Uganda Kampala
57%
Mauritius Port Louis
57%
Simbabwe Harare
56%
Kamerun Jaunde
56%
Mosambik Maputo
56%
Äquatorial-Guinea Malabo
54%
Lesotho Maseru
54%
Guinea Conakry
53%
Niger Niamey
53%
Ruanda Kigali
52%
Zentralafrikanische Republik Bangui
49%
Malawi Lilongwe
49%
Tschad N'Djamena
49%
Mauretanien Nouakchott
42%
Keine übereinstimmenden Quizze gefunden
Verteilung der Resultate
Anzahl Personen mit jedem Resultat
Perzentil nach korrekt beantworteten Fragen
Ihre Resultats-Entwicklung
Sie haben dieses Quiz noch nicht gespielt